000 00866nam a22002177a 4500
010 _a1617CH-EN
020 _a9789384225506
_c175.00
035 _aB-642397-429
035 _aB-664663
037 _aDPL
_bBSB/Ven.
082 _aS
100 _aAusten, Jane
245 _aPersuasion /
_cby Jane Austen
260 _aNew Delhi
_bOm Kidz
_c2016
270 _a4379/4B, Prakash House, Ansari Road,
_bNew Delhi
_e110002
300 _a240p.
_bill.
_c20cm(Hb)
490 _aOm Illustrated Classics
942 _2ddc
_cCH
_mAUS
_hS
999 _c100355
_d100355